A. WESLEY POWELL LEARNING RESOURCE CENTRE (WPLRC)

Wonderful Place to Learn, Research & Collaborate

The clerk's prologue and tale : (Record no. 193)

MARC details
000 -LEADER
fixed length control field 00911cam a2200289 a 4500
001 - ACCESSION NUMBER
control field 17628
003 - CONTROL NUMBER IDENTIFIER
control field UkOxU
005 - DATE AND TIME OF LATEST TRANSACTION
control field 20140909181222.0
008 - FIXED-LENGTH DATA ELEMENTS--GENERAL INFORMATION
fixed length control field 500101s1966 enkb 000 0 eng d
010 ## - LIBRARY OF CONGRESS CONTROL NUMBER
LC control number B66-5739
020 ## - INTERNATIONAL STANDARD BOOK NUMBER
International Standard Book Number 0521046327
035 ## - SYSTEM CONTROL NUMBER
System control number OCLC ocm00888885 from D950808M
040 ## - CATALOGING SOURCE
Original cataloging agency DLC
Transcribing agency MSC
Modifying agency SER
-- EQO
050 #0 - LIBRARY OF CONGRESS CALL NUMBER
Classification number PR1868.C6
Item number W5
082 ## - DEWEY DECIMAL CLASSIFICATION NUMBER
Classification number RBC/820/CHA
092 ## - LOCALLY ASSIGNED DEWEY CALL NUMBER (OCLC)
Classification number D0502850089
100 1# - MAIN ENTRY--PERSONAL NAME
Personal name Chaucer, Geoffrey,
Dates associated with a name -1400.
245 14 - TITLE STATEMENT
Title The clerk's prologue and tale :
Remainder of title from the 'Canterbury tales' /
Statement of responsibility, etc. edited with introduction, notes and glossary by James Winny.
260 ## - PUBLICATION, DISTRIBUTION, ETC. (IMPRINT)
Place of publication, distribution, etc. Cambridge :
Name of publisher, distributor, etc. Cambridge University Press,
Date of publication, distribution, etc. 1966.
300 ## - PHYSICAL DESCRIPTION
Extent viii, 113 p. :
Other physical details front., map ;
Dimensions 19 cm.
650 ## - SUBJECT ADDED ENTRY--TOPICAL TERM
Source of heading or term Literature
700 1# - ADDED ENTRY--PERSONAL NAME
Personal name Winny, James.
830 #0 - SERIES ADDED ENTRY--UNIFORM TITLE
Uniform title Selected tales from Chaucer
942 ## - ADDED ENTRY ELEMENTS (KOHA)
Source of classification or shelving scheme Dewey Decimal Classification
Koha item type Books
Holdings
Withdrawn status Lost status Source of classification or shelving scheme Damaged status Not for loan Home library Current library Date acquired Total Checkouts Full call number Barcode Date last seen Price effective from Koha item type
    Dewey Decimal Classification     Wesley Powell Learning Resource Centre Wesley Powell Learning Resource Centre 03/10/2015   RBC/820/CHA 17628 03/10/2015 03/10/2015 Books